000
00223nam a22000977a 4500
005
20250901165449.0
008
210406b ||||| |||| 00| 0 eng d
050
_a
HB171.5 .A76 1992
245
_a
A76
_c
ARNOLD,ROGER
942
_2
lcc
999
_c
4372
_d
4372